|
|
|
|
| LEADER |
00000nam0a2200000 4500 |
| 001 |
338683 |
| 005 |
20231102005054.0 |
| 035 |
|
|
|a (RuTPU)RU\TPU\book\365187
|
| 090 |
|
|
|a 338683
|
| 100 |
|
|
|a 20171130d1972 km y0rusy50 ca
|
| 101 |
0 |
|
|a rus
|
| 102 |
|
|
|a RU
|
| 105 |
|
|
|a a z 001zy
|
| 200 |
1 |
|
|a Экономия электроэнергии в осветительных установках
|f В. М. Глушков, В. П. Грибин
|g под ред. Ю. В. Копытова, Г. П. Минина
|
| 210 |
|
|
|a Москва
|c Энергия
|d 1972
|
| 215 |
|
|
|a 65 с.
|c ил.
|
| 320 |
|
|
|a Библиогр.: с. 64-65
|
| 606 |
1 |
|
|a Освещение промышленных предприятий
|x Экономия электроэнергии
|2 stltpush
|3 (RuTPU)RU\TPU\subj\47551
|9 66478
|
| 610 |
1 |
|
|a электрическое освещение
|
| 610 |
1 |
|
|a газоразрядные лампы
|
| 610 |
1 |
|
|a применение
|
| 610 |
1 |
|
|a схемы
|
| 610 |
1 |
|
|a производственные здания
|
| 610 |
1 |
|
|a системы управления
|
| 610 |
1 |
|
|a эксплуатация
|
| 610 |
1 |
|
|a прожекторы
|
| 610 |
1 |
|
|a территории
|
| 610 |
1 |
|
|a склады
|
| 675 |
|
|
|a 628.97
|v 4
|
| 700 |
|
1 |
|a Глушков
|b В. М.
|g Василий Михайлович
|
| 701 |
|
1 |
|a Грибин
|b В. П.
|g Владимир Петрович
|
| 702 |
|
1 |
|a Копытов
|b Ю. В.
|4 340
|
| 702 |
|
1 |
|a Минин
|b Г. П.
|4 340
|
| 801 |
|
1 |
|a RU
|b 63413507
|c 20171130
|
| 801 |
|
2 |
|a RU
|b 63413507
|c 20220506
|g RCR
|
| 942 |
|
|
|c BK
|